000
00204 a2200097 4500
001
45561
100
_a
Drosnin, M
245
_a
Citizen hughes
260
_a
London
_b
Arrow books
_c
090
_c
28724
_d
28724
942
_a
NUST-CAE
_c
M
_c
20807
999
_c
280634
_d
280634